Love Island USA Season 6 All Islanders - Statistics

General Stats
  • This quiz has been taken 500 times
  • The average score is 18 of 31
Answer Stats
Answer % Correct
Leah
97%
JaNa
94%
Serena
94%
Rob
93%
Kordell
92%
Kaylor
91%
Miguel
90%
Aaron
88%
Kenny
87%
Liv
84%
Nicole
79%
Andrea
71%
Daniella
66%
Connor
63%
Kassy
57%
Daia
54%
Sierra
53%
Coye
52%
Hakeem
45%
Catherine
43%
Caine
42%
Cassidy
41%
Harrison
37%
Kendell
32%
George
30%
Ignacio
29%
Destiny
28%
Sydney
27%
Jalen
24%
Josiah
23%
Jacobi
21%
No matching quizzes found
Score Distribution
Percent of People with Each Score
Percentile by Number Answered
Your Score History
You have not taken this quiz